MARC

LEADER 00000nam0a2200000 4500
001 281731
005 20231101235430.0
035 |a (RuTPU)RU\TPU\book\305574 
035 |a RU\TPU\book\300829 
090 |a 281731 
100 |a 20150126d1984 k y0rusy50 ca 
101 0 |a rus 
102 |a RU 
105 |a a z 001zy 
200 1 |a Обработка информации в системах связи  |e сборник научных трудов учебных институтов связи  |f Ленинградский электротехнический институт связи им. М. А. Бонч-Бруевича 
210 |a Ленинград  |c Изд-во ЛЭИС  |d 1984 
215 |a 167 с.  |c ил. 
320 |a Библиография в конце статей 
606 1 |a Информация  |x Обработка на вычислительных машинах  |x В системах связи  |2 stltpush  |3 (RuTPU)RU\TPU\subj\12983  |9 39674 
610 1 |a троичные коды 
610 1 |a дискретные сигналы 
610 1 |a частотно-фазовая модуляция 
610 1 |a цифровые демодуляторы 
610 1 |a сверточные коды 
610 1 |a микро-ЭВМ 
610 1 |a фазовые корректоры 
610 1 |a автоматическая настройка 
675 |a 621.39:681.3  |v 3 
712 0 2 |a Ленинградский электротехнический институт связи им. М. А. Бонч-Бруевича  |2 stltpush  |3 (RuTPU)RU\TPU\col\12894  |9 25559 
801 1 |a RU  |b 63413507  |c 20141203 
801 2 |a RU  |b 63413507  |c 20200824  |g RCR 
942 |c BK